Titular Literature Places: Mythical & Imaginary Quiz Stats

Quiz Updated Dec 14, 2016

Challenge
Share
Tweet
Embed
Score 0/25 Timer 03:00
6 Plays Today
% Correct
Wonderland
94.9%
Narnia
94.7%
Azkaban
94.2%
Oz
94.1%
Green Gables
89.6%
Terabithia
85.6%
Brideshead
74.5%
City of Gold
64.4%
Avalon
56.9%
Lake Wobegon
54.7%
Hill House
53.2%
Dinotopia
43.7%
Solla Sollew
41.8%
% Correct
Atlantis
41.7%
Nibbleswicke
39.3%
Earthsea
37.7%
Zenda
36.1%
Hades
33.9%
Valhalla
31.4%
Styles
29.5%
Camelot
25.9%
Tara
24.5%
Blandings Castle
24.2%
Innsmouth
20.6%
Melniboné
20.5%

You're not logged in!

Compare scores with friends on all Sporcle quizzes.
Join for Free
OR
Log In

You Might Also Like...

Show Comments

Extras

Top Quizzes Today


Score Distribution

Your Account Isn't Verified!

In order to create a playlist on Sporcle, you need to verify the email address you used during registration. Go to your Sporcle Settings to finish the process.

Report this User

Report this user for behavior that violates our Community Guidelines.

Details: